| 000 | 00800nam a2200205 4500 | ||
|---|---|---|---|
| 999 |
_c2860 _d2860 |
||
| 001 | 2860 | ||
| 003 | BD-JhCC | ||
| 005 | 20221124134023.0 | ||
| 008 | 171107b2008 bg ||||| |||| 00| 0 ben d | ||
| 035 | _a(BD-JhCC) | ||
| 040 |
_aBD-JhCC _dBD-JhCC |
||
| 041 | _aben | ||
| 082 |
_a925 _bDOG 2008 |
||
| 100 | _aডগলাস, ফ্রেডারিক | ||
| 245 |
_aএকজন আমেরিকান ক্রীতদাস এর জীবন-বৃত্তান্ত / _cফ্রেডারিক ডগলাস; খালিকুজ্জামান ইলিয়াস (অনুবাদ) |
||
| 260 |
_aঢাকা: _bমাওলা ব্রাদার্স ; _c২০০৮ |
||
| 300 |
_a১৫১ পৃ.; _c২২ সেমি |
||
| 650 | _aBiography | ||
| 942 |
_2ddc _cBK _01 |
||